01224nam a2200313 i 4500003000900000005001700009007000300026008004100029020001500070040003000085082001900115100005700134245008800191250001800279264004300297300002800340336002700368337003300395338002800428490002700456500003300483500004200516504003300558590002800591910001400619942001400633952024600647999001700893DO-SdBNP20241216093731.0ta241216s2005 mx 000 0 spa d z9682325536 aDO-SdBNPbspacBNPHUerda axxxbR696e2221 aRodríguez, Néstor E.,d1971-9332014aut.eautor10aEscrituras de desencuentro en la República Dominicana /cNéstor E. Rodríguez. a1a. edición 1aMéxico :bSiglo XXI editores,c2005. a140 páginas ;c24 cm. atextobtxt2rdacontent asin mediaciónbn2rdamedia avolumenbnc2rdacarrier1 aPensamiento caribeño aIncluye índice analítico aIncluye notas al pie de las páginas aBibliografía : p. 135-140. aInventariado, 2024 / YL aYLockward 2ddccLBS1 00102ddc51708PDaBNPHUbBNPHUcCTd2023-12-01eDonado por la Presidencia de la República Dominicana 2023l0oBNPHU PD xxx R696ep2024-7023r2024-12-16w2024-12-16yLBS1zPerteneció a la biblioteca personal de Rene Rodríguez Soriano c57956d57956